Go West, Young Man #2 - Statistics

General Stats
  • This quiz has been taken 14 times
  • The average score is 16 of 20
Answer Stats
Hint Answer % Correct
Bangkok 2 India
100%
Bangkok 1 Myanmar
100%
New York 3 China
92%
New York 1 Japan
92%
New York 2 North Korea
92%
Astana 1 Russia
92%
Astana 2 Ukraine
92%
Santiago 1 Australia
85%
Astana 4 Germany
85%
Astana 5 Netherlands
85%
Astana 3 Poland
85%
Santiago 2 South Africa
85%
Bangkok 4 Eritrea
69%
New York 4 Kyrgyzstan
69%
New York 5 Uzbekistan
69%
Bangkok 3 Yemen
69%
Santiago 4 Argentina
62%
Santiago 5 Chile
62%
Bangkok 5 Ethiopia
62%
Santiago 3 Uruguay
62%
No matching quizzes found
Score Distribution
Percent of People with Each Score
Percentile by Number Answered
Your Score History
You have not taken this quiz